000 01796cam a22003371i 4500
003 SA-RiAUC
005 20250104063535.0
008 250103s1996 su g b f000 0 ara c
020 _a998039960
020 _a996003989
040 _aAE-AiULD
_bara
_cSA-RiAUC
_erda
082 0 4 _a371.207
_qSA-RiAUC
090 _a371.207
_bث ب ي
100 1 _aالثبيتي، جوبير بن ماطر بن نجم،
_d1375-1425 هجري
_eمؤلف.
245 1 2 _aالاتجاه العقلاني وآلية التخطيط التربوي والبحث العلمي :
_bدراسة نقدية تحليلية /
_cتأليف جويبر بن ماطر الثبيتي.
264 1 _aمكة المكرمة :
_bوزارة التعليم العالي، جامعة أم القرى، معهد البحوث العلمية وإحياء التراث الإسلامي، مركز البحوث التربوية والنفسية،
_c[1996]
300 _a29 صفحة ؛
_c24 سم.
336 _aنص
_btxt
_2rdacontent
_3كتاب
337 _aبدون وسيط
_bn
_2rdamedia
338 _aمجلد
_bnc
_2rdacarrier
490 1 _aسلسلة البحوث التربوية والنفسية
504 _aببليوجرافية : صفحة 27-29.
650 7 _aالتخطيط التربوي
_2aucsh
650 7 _aالإدارة التعليمية
_2aucsh
650 7 _aالتعليم
_xمناهج بحث
_2aucsh
830 0 _aسلسلة البحوث التربوية والنفسية (جامعة أم القرى. مركز البحوث التربوية والنفسية)
856 _uhttp://libback.uqu.edu.sa/hipres/e-book/eb95.pdf
_zمختصر الكتاب
942 _2ddc
_cBOOK
_n0
949 _aSA-JeALM
_d250103
_umohamedma123
_n1
999 _c4420
_d4420